New urban elements / (Record no. 13450)

MARC details
000 -LEADER
fixed length control field 01096nam a22002897i 4500
003 - CONTROL NUMBER IDENTIFIER
control field EG-ScBUE
005 - DATE AND TIME OF LATEST TRANSACTION
control field 20230109112019.0
008 - FIXED-LENGTH DATA ELEMENTS--GENERAL INFORMATION
fixed length control field 100222s2007 sp a f 000 0 eeng d
020 ## - INTERNATIONAL STANDARD BOOK NUMBER
International Standard Book Number 8496263754
020 ## - INTERNATIONAL STANDARD BOOK NUMBER
International Standard Book Number 9788496263758
040 ## - CATALOGING SOURCE
Original cataloging agency EG-ScBUE
Language of cataloging eng
Description conventions rda
Transcribing agency EG-ScBUE
Modifying agency EG-ScBUE
082 04 - DEWEY DECIMAL CLASSIFICATION NUMBER
Edition number 22
Classification number 745.2
Item number KRA
100 1# - MAIN ENTRY--PERSONAL NAME
9 (RLIN) 11617
Personal name Krauel, Jacobo,
Relator term author.
245 10 - TITLE STATEMENT
Title New urban elements /
Statement of responsibility, etc [Jacobo Krauel ; text contributed by the companies, edited and translated by William George]
264 #1 - PUBLICATION, DISTRIBUTION, ETC. (IMPRINT)
Place of publication, distribution, etc Barcelona, Spain :
Name of publisher, distributor, etc Links,
Date of publication, distribution, etc 2007.
300 ## - PHYSICAL DESCRIPTION
Extent 179 pages :
Other physical details illustrations (chiefly color) ;
Dimensions 25 cm
336 ## - CONTENT TYPE
Source rdacontent
Content type term text
Content type code txt
337 ## - MEDIA TYPE
Source rdamedia
Media type term unmediated
Media type code n
338 ## - CARRIER TYPE
Source rdacarrier
Carrier type term volume
Carrier type code nc
505 ## - FORMATTED CONTENTS NOTE
Formatted contents note Seats -- Fountains -- Planters -- Tree grids -- Limits -- Lights -- Wastebaskets -- Bicycle racks -- Bus shelters -- Kiosks -- Company index.
650 #7 - SUBJECT ADDED ENTRY--TOPICAL TERM
9 (RLIN) 11153
Topical term or geographic name as entry element Industrial design.
Source of heading or term BUEsh
650 #7 - SUBJECT ADDED ENTRY--TOPICAL TERM
9 (RLIN) 11633
Topical term or geographic name as entry element New urban landscape.
Source of heading or term BUEsh
653 ## - INDEX TERM--UNCONTROLLED
Resource For college Arts and Design
655 ## - INDEX TERM--GENRE/FORM
Form subdivision Reading book
700 1# - ADDED ENTRY--PERSONAL NAME
9 (RLIN) 11618
Personal name George, William,
Relator term editor.
942 ## - ADDED ENTRY ELEMENTS (KOHA)
Source of classification or shelving scheme Dewey Decimal Classification
Koha item type Book - Borrowing
Holdings
Withdrawn status Lost status Source of classification or shelving scheme Damaged status Not for loan Collection code Home library Current library Shelving location Date acquired Source of acquisition Cost, normal purchase price Serial Enumeration / chronology Total Checkouts Total Renewals Full call number Barcode Date last seen Date checked out Price effective from Koha item type
    Dewey Decimal Classification     Book store center Central Library Central Library Second Floor 22/02/2010   495.00 1 4 19 745.2 KRA 000019772 15/07/2025 13/12/2021 22/02/2010 Book - Borrowing